[Event "Madrid ch Veteranos 2012-2013"]
[Site "Madrid ESP"]
[Date "2012.11.14"]
[Round "7.11"]
[White "Ortega Morales, Pedro"]
[Black "Garcia Lopez, Pedro"]
[Result "1-0"]
[WhiteElo "1862"]
[BlackElo "1779"]
[PlyCount "99"]
[EventDate "2012.11.05"]
[EventType "swiss"]
[EventRounds "9"]
[EventCountry "ESP"]
[Source "lmi"]
[SourceDate "2012.11.05"]

1. d4 f5 2. e4 fxe4 3. Nc3 Nf6 4. Bg5 g6 5. Bxf6 exf6 6. Nxe4 d5 7. Ng3 Be6 8.
Bb5+ c6 9. Bd3 Bd6 10. Qe2 Qd7 11. Nf3 O-O 12. O-O Bg4 13. Rfe1 Na6 14. Bxa6
bxa6 15. Qd3 Rab8 16. b3 a5 17. a4 Rfe8 18. h3 Bxg3 19. hxg4 Bd6 20. g5 fxg5
21. Nxg5 Qg4 22. Nh3 Qh4 23. Re3 Rf8 24. Rae1 Rbd8 25. Re6 g5 26. Qe3 Bf4 27.
Nxf4 Qxf4 28. Rxc6 Rde8 29. Re6 Rxe6 30. Qxe6+ Rf7 31. Qe8+ Rf8 32. Qe3 Kg7 33.
g3 Qf6 34. Qe5 h6 35. Re2 Qxe5 36. Rxe5 Rc8 37. Rxd5 Rxc2 38. Rxa5 Rb2 39.
Rxa7+ Kf6 40. Rb7 Rd2 41. Rb6+ Kg7 42. Rb4 h5 43. a5 h4 44. Kg2 Kg6 45. a6 Kh5
46. a7 h3+ 47. Kxh3 Rxf2 48. g4+ Kg6 49. Rb6+ Kg7 50. a8=Q 1-0

[Event "Madrid ch Veteranos 2012-2013"]
[Site "Madrid ESP"]
[Date "2012.11.14"]
[Round "7.12"]
[White "Alvarez Escudero, Manuel"]
[Black "Martinez Miura, Enrique"]
[Result "0-1"]
[WhiteElo "1803"]
[BlackElo "1735"]
[PlyCount "58"]
[EventDate "2012.11.05"]
[EventType "swiss"]
[EventRounds "9"]
[EventCountry "ESP"]
[Source "lmi"]
[SourceDate "2012.11.05"]

1. e4 e6 2. d4 d5 3. exd5 exd5 4. h3 Bd6 5. Nf3 Ne7 6. Bd3 Bf5 7. O-O Bxd3 8.
Qxd3 O-O 9. Bg5 Qd7 10. Ne5 Bxe5 11. dxe5 h6 12. Bxe7 Qxe7 13. Qxd5 c6 14. Qd4
Rd8 15. Qe3 Rd5 16. Re1 Nd7 17. f4 Nf8 18. Nc3 Rd7 19. Rad1 Rad8 20. Rxd7 Rxd7
21. Ne4 b6 22. Nd6 Ne6 23. b4 c5 24. Nf5 Qf8 25. a3 cxb4 26. axb4 Qxb4 27. g3
Rc7 28. Rc1 Rc3 29. Qd2 Rxg3+ 0-1

[Event "Madrid ch Veteranos 2012-2013"]
[Site "Madrid ESP"]
[Date "2012.11.14"]
[Round "7.13"]
[White "Diaz Begonte, Manuel"]
[Black "Martinez Martinez, Antonio"]
[Result "1/2-1/2"]
[WhiteElo "1787"]
[BlackElo "1659"]
[PlyCount "105"]
[EventDate "2012.11.05"]
[EventType "swiss"]
[EventRounds "9"]
[EventCountry "ESP"]
[Source "lmi"]
[SourceDate "2012.11.05"]

1. e4 g6 2. d4 d6 3. Nc3 c6 4. Be2 Bg7 5. Be3 f5 6. g4 e6 7. gxf5 exf5 8. Qd2
h6 9. O-O-O g5 10. f4 g4 11. Qd3 Ne7 12. e5 dxe5 13. dxe5 Qxd3 14. Bxd3 b5 15.
Nge2 a5 16. Bc5 Ng6 17. Rhg1 h5 18. Bxb5 cxb5 19. Nxb5 Na6 20. Nd6+ Kf8 21. Ba3
Kg8 22. Nxc8 Rxc8 23. Rd6 Nxf4 24. Nxf4 Bxe5 25. Rxa6 Bxf4+ 26. Kb1 Be3 27. Rf1
Rd8 28. Rxa5 f4 29. b3 Kf7 30. Re5 Kg6 31. Re6+ Kh7 32. Re7+ Kg8 33. Bc1 Bxc1
34. Kxc1 f3 35. Re4 Rh6 36. Rf4 Kg7 37. h3 Rg6 38. hxg4 hxg4 39. a4 Rf8 40.
Rxf8 Kxf8 41. Kd2 Re6 42. a5 Re2+ 43. Kd3 Rg2 44. a6 Ke7 45. Ke3 Rxc2 46. b4
Kd6 47. b5 Kc5 48. Rf2 Rc3+ 49. Kf4 Rc4+ 50. Kg3 Kxb5 51. Ra2 Rc8 52. a7 Ra8
53. Kxg4 1/2-1/2

[Event "Madrid ch Veteranos 2012-2013"]
[Site "Madrid ESP"]
[Date "2012.11.14"]
[Round "7.15"]
[White "Greppi Gonzalez, Jose Luis"]
[Black "Poblador Dieguez, Alfredo"]
[Result "0-1"]
[WhiteElo "1553"]
[BlackElo "1680"]
[PlyCount "88"]
[EventDate "2012.11.05"]
[EventType "swiss"]
[EventRounds "9"]
[EventCountry "ESP"]
[Source "lmi"]
[SourceDate "2012.11.05"]

1. e4 c5 2. Bc4 d6 3. h3 Nf6 4. Nc3 e6 5. d3 a6 6. a3 Be7 7. Nf3 Nbd7 8. d4
cxd4 9. Nxd4 Qc7 10. Bb3 Nc5 11. Qf3 Nxb3 12. Nxb3 O-O 13. O-O b5 14. Qd3 Bb7
15. f3 Rac8 16. Bf4 Rfd8 17. Rfe1 e5 18. Bh2 Nd7 19. Re2 Nb6 20. Qd1 Nc4 21.
Rb1 Nxa3 22. Rc1 Nc4 23. Rb1 Qb6+ 24. Kh1 Nxb2 25. Qe1 Nc4 26. f4 f6 27. g4 Qc7
28. f5 Na3 29. Ra1 Qxc3 30. Qxc3 Rxc3 31. Rxa3 Rdc8 32. Ra2 d5 33. Na5 Ba8 34.
exd5 Bxd5+ 35. Kg1 Bd8 36. Ra1 Bb6+ 37. Kf1 Bxa5 38. Rxa5 Bc4 39. Ke1 Bxe2 40.
Rxa6 Rxc2 41. Rb6 Ra8 42. Bg3 Bxg4 43. Kf1 Bxh3+ 44. Kg1 Ra1+ 0-1

[Event "Madrid ch Veteranos 2012-2013"]
[Site "Madrid ESP"]
[Date "2012.11.14"]
[Round "7.16"]
[White "Castro Uceda, Jose Antonio"]
[Black "Algaba Traspuesto, Jose Antoni"]
[Result "1-0"]
[WhiteElo "1647"]
[BlackElo "1625"]
[PlyCount "69"]
[EventDate "2012.11.05"]
[EventType "swiss"]
[EventRounds "9"]
[EventCountry "ESP"]
[Source "lmi"]
[SourceDate "2012.11.05"]

1. d4 g6 2. e4 c5 3. dxc5 Qa5+ 4. Bd2 Qxc5 5. Bc3 f6 6. Qd4 Qxd4 7. Bxd4 Nc6 8.
Bc3 a6 9. Nf3 Bg7 10. Nbd2 b5 11. b3 Nh6 12. h3 O-O 13. Bd3 d6 14. O-O f5 15.
Bxg7 Kxg7 16. Rfe1 Nb4 17. exf5 Nxd3 18. cxd3 Bxf5 19. Rxe7+ Rf7 20. Rxf7+ Nxf7
21. d4 Rc8 22. a4 Bd7 23. axb5 Bxb5 24. Re1 Kf8 25. Re6 Bc6 26. Re3 Rb8 27. Rc3
Bd5 28. Ne1 Ng5 29. f3 Ne6 30. Nc2 Ke7 31. g3 Rb7 32. Ne3 Nxd4 33. Nxd5+ Ke6
34. Nf4+ Kd7 35. Kf2 1-0

[Event "Madrid ch Veteranos 2012-2013"]
[Site "Madrid ESP"]
[Date "2012.11.14"]
[Round "7.17"]
[White "Martin Rodriguez, Jose Luis"]
[Black "Leniz Martinez, Francisco"]
[Result "1/2-1/2"]
[WhiteElo "1398"]
[BlackElo "1783"]
[PlyCount "124"]
[EventDate "2012.11.05"]
[EventType "swiss"]
[EventRounds "9"]
[EventCountry "ESP"]
[Source "lmi"]
[SourceDate "2012.11.05"]

1. e4 c5 2. Nf3 g6 3. d4 cxd4 4. Nxd4 Bg7 5. Nc3 d6 6. Bc4 Nf6 7. f3 a6 8. Be3
Bd7 9. Qd2 Nc6 10. Nxc6 Bxc6 11. Bh6 O-O 12. Bxg7 Kxg7 13. Nd5 Bxd5 14. Bxd5
Qb6 15. Bb3 Rac8 16. O-O-O Rc5 17. g4 Rfc8 18. h4 Re5 19. Qd4 Qxd4 20. Rxd4 b5
21. Kb1 Rec5 22. Rc1 R8c7 23. a4 Kf8 24. axb5 axb5 25. Rd2 Nd7 26. Rd5 Nb6 27.
Rxc5 Rxc5 28. Rd1 Nd7 29. Rd5 Ne5 30. Rxc5 dxc5 31. Bd5 e6 32. Bb7 Nxf3 33. h5
Ke7 34. Ba6 b4 35. Be2 Ne5 36. Kc1 gxh5 37. gxh5 h6 38. Kd2 Kd6 39. Ke3 f6 40.
b3 Nc6 41. Kd3 Nd4 42. Bd1 f5 43. exf5 Nxf5 44. Be2 Nd4 45. Bd1 Nf5 46. Bf3 Ne7
47. Ke4 Nc8 48. Be2 Nb6 49. Bd1 Nd5 50. Bf3 Nc3+ 51. Kd3 Ke5 52. Kc4 Kd6 53.
Kd3 Nd5 54. Bd1 e5 55. Bf3 Nc7 56. Ke4 Ke6 57. Bg4+ Kf6 58. Be2 Ne6 59. Bd1 Nc7
60. Be2 Ne6 61. Bd1 Nc7 62. Be2 Ne6 1/2-1/2

[Event "Madrid ch Veteranos 2012-2013"]
[Site "Madrid ESP"]
[Date "2012.11.14"]
[Round "7.18"]
[White "Alfageme Sanchez, Jesus"]
[Black "Martinez Carrasco, Jesus"]
[Result "0-1"]
[WhiteElo "1720"]
[BlackElo "1590"]
[PlyCount "96"]
[EventDate "2012.11.05"]
[EventType "swiss"]
[EventRounds "9"]
[EventCountry "ESP"]
[Source "lmi"]
[SourceDate "2012.11.05"]

1. e4 c5 2. f4 e6 3. Nf3 Nc6 4. Be2 d6 5. d3 Be7 6. O-O Qc7 7. Nc3 a6 8. Be3
Nf6 9. Nd2 O-O 10. Bg4 Nxg4 11. Qxg4 Re8 12. Qg3 Bf8 13. Qf2 b5 14. Ne2 Nb4 15.
Rfc1 Bb7 16. a3 Nc6 17. Ng3 g6 18. Rf1 Bg7 19. Rab1 Nd4 20. c3 Nc6 21. Kh1 Rad8
22. Nb3 Ba8 23. Rbd1 a5 24. Nd2 Rb8 25. Nf3 b4 26. e5 dxe5 27. Bxc5 exf4 28.
Ne4 Red8 29. d4 Ne7 30. axb4 Bxe4 31. Ra1 axb4 32. Bxb4 Nd5 33. Ba5 Nb6 34. Nd2
Bd5 35. Ra3 Qc6 36. Nf3 Rdc8 37. Qd2 Nc4 38. Qxf4 Nxa3 39. bxa3 Qd7 40. Bb4 Qb7
41. h3 Ra8 42. Rf2 Qd7 43. h4 h5 44. Qg3 Bxf3 45. Qxf3 Bf8 46. Qe3 Bxb4 47.
axb4 Qc7 48. Qf3 Ra1+ 0-1

[Event "Madrid ch Veteranos 2012-2013"]
[Site "Madrid ESP"]
[Date "2012.11.14"]
[Round "7.19"]
[White "Salgado Duarte, Pablo"]
[Black "Buergo Villanueva, Fernando"]
[Result "1-0"]
[WhiteElo "1603"]
[BlackElo "1282"]
[PlyCount "87"]
[EventDate "2012.11.05"]
[EventType "swiss"]
[EventRounds "9"]
[EventCountry "ESP"]
[Source "lmi"]
[SourceDate "2012.11.05"]

1. d4 Nf6 2. c4 d5 3. Nf3 e6 4. Nc3 Bb4 5. cxd5 Bxc3+ 6. bxc3 Nxd5 7. Bd2 Nc6
8. e4 Nf6 9. Bd3 O-O 10. O-O e5 11. d5 Bg4 12. Bg5 Bxf3 13. Qxf3 h6 14. Bxf6
Qxf6 15. Qxf6 gxf6 16. dxc6 bxc6 17. Bc4 Rfd8 18. Rfd1 Rxd1+ 19. Rxd1 Rb8 20.
Bb3 Kf8 21. Rd7 Ke8 22. Rxc7 Rd8 23. Bxf7+ Kf8 24. Bb3 Rd2 25. g3 Re2 26. Rxc6
Rxe4 27. Rxf6+ Kg7 28. Rf7+ Kh8 29. Rxa7 Re1+ 30. Kg2 Re2 31. c4 e4 32. Re7 Kg8
33. Kf1 Rb2 34. Rxe4 Rb1+ 35. Kg2 Rb2 36. c5+ Kg7 37. c6 Kf6 38. c7 Rd2 39.
c8=Q Rd6 40. Qf8+ Kg5 41. Qxd6 Kf5 42. Qe6+ Kg5 43. h4+ Kh5 44. Qg4# 1-0

[Event "Madrid ch Veteranos 2012-2013"]
[Site "Madrid ESP"]
[Date "2012.11.14"]
[Round "7.20"]
[White "Beekhof Harmsen, Willen"]
[Black "Jaumandreu Llopis, Antonio"]
[Result "1-0"]
[WhiteElo "1762"]
[BlackElo "1553"]
[PlyCount "31"]
[EventDate "2012.11.05"]
[EventType "swiss"]
[EventRounds "9"]
[EventCountry "ESP"]
[Source "lmi"]
[SourceDate "2012.11.05"]

1. d4 Nf6 2. g3 c6 3. c4 g6 4. Nc3 Bg7 5. Bg2 d5 6. Nf3 O-O 7. cxd5 cxd5 8. O-O
e6 9. Bg5 Nbd7 10. Re1 Nb6 11. Rc1 Nc4 12. Ne5 Qc7 13. Nxc4 dxc4 14. Bf4 Qe7
15. Nb5 Rb8 16. Bxb8 1-0

[Event "Madrid ch Veteranos 2012-2013"]
[Site "Madrid ESP"]
[Date "2012.11.14"]
[Round "7.21"]
[White "Infante Martin, Alonso"]
[Black "Pardinas Riano, Emilio"]
[Result "1/2-1/2"]
[WhiteElo "1510"]
[BlackElo "1728"]
[PlyCount "88"]
[EventDate "2012.11.05"]
[EventType "swiss"]
[EventRounds "9"]
[EventCountry "ESP"]
[Source "lmi"]
[SourceDate "2012.11.05"]

1. d4 d5 2. c4 e6 3. Nc3 c6 4. Nf3 Nf6 5. Bg5 h6 6. Bh4 dxc4 7. a4 Bb4 8. Nd2
Bxc3 9. bxc3 b5 10. e3 g5 11. Bg3 Bb7 12. f3 Nd5 13. Ne4 O-O 14. Qd2 f5 15. Nc5
Qe7 16. Be5 Bc8 17. f4 Nd7 18. Nxd7 Bxd7 19. g3 a6 20. Bg2 a5 21. O-O b4 22.
Bxd5 cxd5 23. cxb4 axb4 24. a5 Bb5 25. Rfb1 c3 26. Qc2 Rfc8 27. g4 Bd7 28. Qb3
c2 29. Rc1 Rc3 30. Qb2 Bb5 31. Rxc2 Rxc2 32. Qxc2 Qf7 33. Qc5 Qd7 34. Qxb4 fxg4
35. a6 Rxa6 36. Rb1 Rb6 37. fxg5 hxg5 38. Rf1 Bxf1 39. Qxb6 Bd3 40. Qb8+ Kh7
41. Qh8+ Kg6 42. Qf6+ Kh5 43. Qh8+ Qh7 44. Qf8 Qf5 1/2-1/2

[Event "Madrid ch Veteranos 2012-2013"]
[Site "Madrid ESP"]
[Date "2012.11.14"]
[Round "7.22"]
[White "Sanchez Lucena, Juan"]
[Black "Moral Gonzalez, Vicente"]
[Result "1-0"]
[WhiteElo "1411"]
[BlackElo "1521"]
[PlyCount "81"]
[EventDate "2012.11.05"]
[EventType "swiss"]
[EventRounds "9"]
[EventCountry "ESP"]
[Source "lmi"]
[SourceDate "2012.11.05"]

1. d4 d5 2. c4 Nf6 3. Bg5 c6 4. Nc3 dxc4 5. e3 Be6 6. Nf3 h6 7. Bh4 g5 8. Bg3
Nbd7 9. Be5 g4 10. Bxf6 exf6 11. Nd2 h5 12. Nxc4 b5 13. Nd2 a5 14. a3 b4 15.
axb4 axb4 16. Nce4 f5 17. Ng3 Bg7 18. Bc4 Nb6 19. Bxe6 fxe6 20. O-O Ke7 21. b3
Ra3 22. Qc2 Qc7 23. Qc5+ Kf7 24. Rxa3 bxa3 25. Qxa3 Ra8 26. Qc5 Nd5 27. Nxh5
Bf8 28. Qc2 Nb4 29. Qc4 Ra5 30. Ng3 Nd5 31. e4 Nb6 32. Qc2 Qd6 33. Nc4 Nxc4 34.
Qxc4 Kg6 35. exf5+ Kf7 36. fxe6+ Qxe6 37. d5 Qd6 38. dxc6+ Qe6 39. Qf4+ Ke8 40.
Qb8+ Kf7 41. Qc7+ 1-0

[Event "Madrid ch Veteranos 2012-2013"]
[Site "Madrid ESP"]
[Date "2012.11.15"]
[Round "8.1"]
[White "Gonzalez Mateos, Rafael"]
[Black "Cabanas Bravo, Juan Andres"]
[Result "0-1"]
[WhiteElo "2128"]
[BlackElo "2077"]
[PlyCount "108"]
[EventDate "2012.11.05"]
[EventType "swiss"]
[EventRounds "9"]
[EventCountry "ESP"]
[Source "lmi"]
[SourceDate "2012.11.05"]

1. d4 Nf6 2. f3 d5 3. Bg5 Nbd7 4. e4 dxe4 5. Nc3 exf3 6. Nxf3 g6 7. Bc4 Bg7 8.
Qd2 h6 9. Bf4 Nb6 10. Bb3 c6 11. O-O-O g5 12. Be5 Bg4 13. d5 O-O 14. h4 gxh4
15. Rxh4 h5 16. Qg5 c5 17. Rdh1 Qd7 18. Ne4 Qf5 19. Bxf6 Qxg5+ 20. Bxg5 c4 21.
Bxe7 Rfe8 22. d6 cxb3 23. axb3 Nd5 24. Nf2 Nxe7 25. dxe7 Bf6 26. Nxg4 Bxh4 27.
Rxh4 hxg4 28. Rxg4+ Kh7 29. Ng5+ Kg6 30. Ne4+ Kf5 31. Rh4 Rxe7 32. Nd6+ Ke6 33.
Nc4 Rg8 34. g4 Kf6 35. Kd2 Kg5 36. Rh7 Rd8+ 37. Kc3 b5 38. Rh5+ Kxg4 39. Rxb5
f5 40. Ne5+ Kg3 41. Nd3 Rf8 42. Kd2 f4 43. Rg5+ Kh4 44. Rg1 f3 45. c4 f2 46.
Rf1 Kg3 47. b4 Kg2 48. Rxf2+ Rxf2+ 49. Nxf2 Kxf2 50. c5 Kf3 51. Kd3 Kf4 52. Kd4
Re4+ 53. Kd5 Rxb4 54. c6 Rxb2 0-1

[Event "Madrid ch Veteranos 2012-2013"]
[Site "Madrid ESP"]
[Date "2012.11.15"]
[Round "8.2"]
[White "Estrada Martinez, Cesar"]
[Black "Pastor Alonso De Prado, Albert"]
[Result "0-1"]
[WhiteElo "2085"]
[BlackElo "2143"]
[PlyCount "74"]
[EventDate "2012.11.05"]
[EventType "swiss"]
[EventRounds "9"]
[EventCountry "ESP"]
[Source "lmi"]
[SourceDate "2012.11.05"]

1. d4 d5 2. Nf3 Bf5 3. Bf4 Nf6 4. e3 e6 5. Bd3 Bxd3 6. Qxd3 Nbd7 7. O-O Bd6 8.
Bxd6 cxd6 9. c4 dxc4 10. Qxc4 Rc8 11. Qb4 Qb6 12. Qxb6 Nxb6 13. Nc3 Kd7 14.
Rfc1 a6 15. b3 Rc6 16. Nd2 Rhc8 17. Ne2 Rc2 18. Rxc2 Rxc2 19. Rd1 Rxa2 20. Kf1
Nbd5 21. e4 Nb4 22. f3 d5 23. e5 Ne8 24. Nc1 Rc2 25. Ke2 Nc7 26. Nd3 Nc6 27.
Ke3 Nb5 28. Rc1 Nbxd4 29. Rxc2 Nxc2+ 30. Kf4 N2b4 31. Nxb4 Nxb4 32. Ke3 Kc6 33.
f4 Kc5 34. g4 b5 35. f5 Nc6 36. Nf3 Kb4 37. Kf4 d4 0-1

[Event "Madrid ch Veteranos 2012-2013"]
[Site "Madrid ESP"]
[Date "2012.11.15"]
[Round "8.3"]
[White "Moragrega Herrero, Juan Jose"]
[Black "Minguela Munoz, Bienvenido"]
[Result "1-0"]
[WhiteElo "1922"]
[BlackElo "1883"]
[PlyCount "117"]
[EventDate "2012.11.05"]
[EventType "swiss"]
[EventRounds "9"]
[EventCountry "ESP"]
[Source "lmi"]
[SourceDate "2012.11.05"]

1. d4 Nf6 2. g3 g6 3. Bg2 Bg7 4. e4 d6 5. Ne2 O-O 6. O-O c6 7. c3 Nbd7 8. f4
Qb6 9. Kh1 e5 10. Nd2 exd4 11. cxd4 Re8 12. e5 dxe5 13. fxe5 Nd5 14. Nc4 Qd8
15. Nd6 Rf8 16. Bxd5 cxd5 17. Nc3 Nb6 18. a4 Nc4 19. Nxc8 Rxc8 20. Qf3 Qd7 21.
b3 Na5 22. Ne2 Rc2 23. Ba3 Rfc8 24. Rfc1 Rxc1+ 25. Rxc1 Rxc1+ 26. Bxc1 Nc6 27.
Ba3 a5 28. Bd6 Qe6 29. Qd3 Qg4 30. Kg2 h5 31. h3 Qe4+ 32. Qxe4 dxe4 33. Kf2 f5
34. exf6 Bxf6 35. Ke3 Kf7 36. Kxe4 Bd8 37. Kd5 Bb6 38. g4 hxg4 39. hxg4 Kf6 40.
Bf4 Nb4+ 41. Ke4 Nc6 42. Be3 Nb4 43. Nc3 Bd8 44. Nd5+ Ke6 45. Nxb4 axb4 46. d5+
Kd6 47. Bf4+ Kc5 48. Bb8 b5 49. axb5 Kxb5 50. Ke5 Kb6 51. Ke6 Kb7 52. Bd6 Kc8
53. Bxb4 Kb7 54. Kd7 Bb6 55. Bd6 Bd4 56. b4 Bf6 57. Ke6 Bd8 58. Kf7 g5 59. Be7
1-0

[Event "Madrid ch Veteranos 2012-2013"]
[Site "Madrid ESP"]
[Date "2012.11.15"]
[Round "8.5"]
[White "Fuentes Arjona, Antonio"]
[Black "Lopez Peral, Enrique"]
[Result "1-0"]
[WhiteElo "2008"]
[BlackElo "1832"]
[PlyCount "23"]
[EventDate "2012.11.05"]
[EventType "swiss"]
[EventRounds "9"]
[EventCountry "ESP"]
[Source "lmi"]
[SourceDate "2012.11.05"]

1. e4 e5 2. f4 Qf6 3. Nf3 d6 4. d4 exd4 5. Qxd4 Qxd4 6. Nxd4 Bd7 7. Nc3 Nc6 8.
Be3 O-O-O 9. Bc4 Nxd4 10. Bxd4 f6 11. Bxa7 b6 12. Ba6# 1-0

[Event "Madrid ch Veteranos 2012-2013"]
[Site "Madrid ESP"]
[Date "2012.11.15"]
[Round "8.6"]
[White "Hernandez Gutierrez, Jose"]
[Black "Garcia Esteban, Ignacio"]
[Result "1/2-1/2"]
[WhiteElo "1854"]
[BlackElo "1941"]
[PlyCount "58"]
[EventDate "2012.11.05"]
[EventType "swiss"]
[EventRounds "9"]
[EventCountry "ESP"]
[Source "lmi"]
[SourceDate "2012.11.05"]

1. e4 c5 2. Nf3 Nc6 3. d4 cxd4 4. Nxd4 Nf6 5. Nc3 d6 6. Be2 g6 7. Be3 Bg7 8.
Qd2 O-O 9. O-O-O Nxd4 10. Bxd4 Be6 11. Kb1 Rc8 12. h4 Qa5 13. Nd5 Qd8 14. Nxf6+
exf6 15. Be3 Qc7 16. h5 g5 17. h6 Bh8 18. Bxg5 Rfd8 19. Bf4 f5 20. Bg5 Rd7 21.
Bd3 fxe4 22. Bxe4 f5 23. Bd5 Bf7 24. Bxf7+ Rxf7 25. Rh3 Qb6 26. Rb3 Qc6 27. Rg3
Kf8 28. Qxd6+ Qxd6 29. Rxd6 Be5 1/2-1/2

[Event "Madrid ch Veteranos 2012-2013"]
[Site "Madrid ESP"]
[Date "2012.11.15"]
[Round "8.7"]
[White "Garcia Martin, Juan Manuel"]
[Black "Fernandez Garcia, Ignacio"]
[Result "0-1"]
[WhiteElo "1874"]
[BlackElo "1794"]
[PlyCount "86"]
[EventDate "2012.11.05"]
[EventType "swiss"]
[EventRounds "9"]
[EventCountry "ESP"]
[Source "lmi"]
[SourceDate "2012.11.05"]

1. d4 Nf6 2. Bf4 d5 3. e3 c6 4. c3 Nbd7 5. Bd3 e6 6. Nd2 c5 7. Ngf3 Qb6 8. Qb3
c4 9. Qxb6 Nxb6 10. Bc2 Bd7 11. Ne5 Ba4 12. Rc1 Bxc2 13. Rxc2 Nfd7 14. O-O f6
15. Nxd7 Kxd7 16. e4 Bd6 17. Be3 Rhf8 18. exd5 exd5 19. Nf3 Rfe8 20. Re1 Re6
21. Rce2 Rae8 22. Kf1 Kc6 23. Bc1 Kd7 24. Rxe6 Rxe6 25. Rxe6 Kxe6 26. Ke2 g5
27. g4 h6 28. h3 f5 29. Nd2 Bf4 30. f3 Na4 31. Kd1 b5 32. Nf1 a5 33. Kc2 Bxc1
34. Kxc1 f4 35. Kc2 b4 36. Nd2 Kd6 37. b3 cxb3+ 38. axb3 Nxc3 39. Nf1 Kc6 40.
Nd2 Kb5 41. Nf1 Ne2 42. Kd3 Ng1 43. Nd2 a4 0-1

[Event "Madrid ch Veteranos 2012-2013"]
[Site "Madrid ESP"]
[Date "2012.11.15"]
[Round "8.8"]
[White "Camarero Izquierdo, Juan C"]
[Black "Rodriguez Bachiller, Luis"]
[Result "1/2-1/2"]
[WhiteElo "1942"]
[BlackElo "1756"]
[PlyCount "96"]
[EventDate "2012.11.05"]
[EventType "swiss"]
[EventRounds "9"]
[EventCountry "ESP"]
[Source "lmi"]
[SourceDate "2012.11.05"]

1. d4 c5 2. d5 e6 3. e4 d6 4. Nc3 a6 5. f4 exd5 6. exd5 Nf6 7. Nf3 Be7 8. Qd3
b5 9. Be3 c4 10. Qd4 O-O 11. O-O-O Ng4 12. h3 Bf6 13. Qd2 Nxe3 14. Qxe3 Re8 15.
Ne4 Nd7 16. Re1 Bb7 17. Qd2 Nb6 18. g4 Bxd5 19. Nxf6+ Qxf6 20. Bg2 c3 21. bxc3
Bxf3 22. Bxf3 Nc4 23. Qd4 Qxd4 24. cxd4 Rxe1+ 25. Rxe1 Rc8 26. Bb7 Rb8 27. Bxa6
Kf8 28. a4 Na3 29. Bxb5 Nxb5 30. axb5 Rxb5 31. Kd2 Rb4 32. Kc3 Ra4 33. h4 Ra3+
34. Kc4 Rg3 35. Kd5 Rxg4 36. Kxd6 Rxf4 37. d5 f5 38. Ke6 Rxh4 39. Kxf5 Rc4 40.
Re2 Kf7 41. Ke5 Ke7 42. d6+ Kd7 43. Kd5 Rc3 44. Re7+ Kd8 45. Re2 Kd7 46. Rd2
Rc6 47. Ke5 Rc5+ 48. Kd4 Rc6 1/2-1/2

[Event "Madrid ch Veteranos 2012-2013"]
[Site "Madrid ESP"]
[Date "2012.11.15"]
[Round "8.9"]
[White "Martin-Consuegra Barrilero, Ja"]
[Black "Ortega Morales, Pedro"]
[Result "1/2-1/2"]
[WhiteElo "1855"]
[BlackElo "1862"]
[PlyCount "73"]
[EventDate "2012.11.05"]
[EventType "swiss"]
[EventRounds "9"]
[EventCountry "ESP"]
[Source "lmi"]
[SourceDate "2012.11.05"]

1. d4 Nf6 2. Bg5 h6 3. Bxf6 exf6 4. e3 d5 5. g3 c6 6. Nd2 Be6 7. Bg2 Be7 8. Ne2
Bg4 9. O-O Qd7 10. Re1 Na6 11. a3 Nc7 12. c4 O-O 13. Qc1 Kh7 14. Qc2+ Bf5 15.
e4 Bg6 16. Qb3 dxc4 17. Nxc4 Rab8 18. Rad1 Rfd8 19. Nf4 b5 20. Ne3 Bd6 21. Nxg6
fxg6 22. Qc2 Bf8 23. e5 Nd5 24. Nxd5 cxd5 25. e6 Qd6 26. f4 Be7 27. f5 gxf5 28.
Qxf5+ g6 29. Qd3 a6 30. Qe3 Kg7 31. g4 Rbc8 32. Rc1 Rxc1 33. Rxc1 Qb6 34. h4
Rd6 35. Re1 Qd8 36. Qd3 Qg8 37. Qe2 1/2-1/2

[Event "Madrid ch Veteranos 2012-2013"]
[Site "Madrid ESP"]
[Date "2012.11.15"]
[Round "8.10"]
[White "Rodriguez Lopez-Canizares, Fco"]
[Black "Corredor Gonzalez, Angel L"]
[Result "0-1"]
[WhiteElo "1647"]
[BlackElo "1760"]
[PlyCount "50"]
[EventDate "2012.11.05"]
[EventType "swiss"]
[EventRounds "9"]
[EventCountry "ESP"]
[Source "lmi"]
[SourceDate "2012.11.05"]

1. e4 e5 2. Nf3 Nf6 3. Nxe5 d6 4. Nf3 Nxe4 5. Nc3 Nxc3 6. dxc3 Bg4 7. Be3 Be7
8. Qd4 h5 9. Qxg7 Bf6 10. Bg5 Bxg7 11. Bxd8 Kxd8 12. Ng5 Re8+ 13. Kd2 Bh6 14.
f4 Re7 15. Re1 f6 16. Rxe7 Kxe7 17. h4 fxg5 18. hxg5 Bg7 19. Bd3 Nd7 20. Re1+
Kf8 21. Bg6 d5 22. g3 Nc5 23. Re3 d4 24. cxd4 Bxd4 25. Re8+ Rxe8 0-1

[Event "Madrid ch Veteranos 2012-2013"]
[Site "Madrid ESP"]
[Date "2012.11.15"]
[Round "8.11"]
[White "Martinez Miura, Enrique"]
[Black "Diaz Begonte, Manuel"]
[Result "0-1"]
[WhiteElo "1735"]
[BlackElo "1787"]
[PlyCount "104"]
[EventDate "2012.11.05"]
[EventType "swiss"]
[EventRounds "9"]
[EventCountry "ESP"]
[Source "lmi"]
[SourceDate "2012.11.05"]

1. e4 d5 2. exd5 Nf6 3. d4 Nxd5 4. c4 Nf6 5. h3 Bf5 6. Nf3 e6 7. a3 Be7 8. Bd3
Bxd3 9. Qxd3 c5 10. Qb3 b6 11. dxc5 Bxc5 12. O-O O-O 13. Bg5 Nbd7 14. Rd1 Qc7
15. Nc3 a6 16. Qc2 Ne5 17. Nxe5 Qxe5 18. Bxf6 gxf6 19. Re1 Qf4 20. Re4 Qh6 21.
b4 f5 22. Re2 Bd4 23. Rd1 Bf6 24. Rd6 Rfc8 25. Na4 Qf4 26. c5 bxc5 27. bxc5 Be7
28. g3 Qxd6 29. cxd6 Rxc2 30. Rxc2 Bxd6 31. Ra2 Rb8 32. Nb2 Rb3 33. Nc4 Bc5 34.
a4 Rxg3+ 35. Kh2 Rc3 36. Nd2 Ra3 37. Rxa3 Bxa3 38. Nc4 Bb4 39. Kg3 Kg7 40. Kf4
Kf6 41. f3 h6 42. h4 Bc3 43. Ke3 e5 44. Kd3 Be1 45. Nb6 Ke6 46. h5 f6 47. Kc4
e4 48. fxe4 fxe4 49. Nd5 f5 50. Nc7+ Ke5 51. Nxa6 f4 52. Nc5 f3 0-1

[Event "Madrid ch Veteranos 2012-2013"]
[Site "Madrid ESP"]
[Date "2012.11.15"]
[Round "8.12"]
[White "Fernandez- Bujarrabal V., Pedr"]
[Black "Perez Cristobal, Alberto"]
[Result "1/2-1/2"]
[WhiteElo "1677"]
[BlackElo "1728"]
[PlyCount "61"]
[EventDate "2012.11.05"]
[EventType "swiss"]
[EventRounds "9"]
[EventCountry "ESP"]
[Source "lmi"]
[SourceDate "2012.11.05"]

1. e4 e6 2. d4 d5 3. e5 c5 4. c3 Nc6 5. Nf3 Bd7 6. Bd3 Qb6 7. O-O cxd4 8. cxd4
Nxd4 9. Nxd4 Qxd4 10. Qe2 a6 11. Kh1 Ne7 12. f4 Ng6 13. a3 Qb6 14. Nc3 Qc7 15.
Be3 Bc5 16. Rac1 Bxe3 17. Qxe3 Qb8 18. Rc2 O-O 19. b3 Rd8 20. Ne2 b6 21. Nd4
Qb7 22. f5 exf5 23. Bxf5 Bxf5 24. Nxf5 d4 25. Nxd4 Qd5 26. Nf3 Qb5 27. Rfc1 Re8
28. Rc6 Rab8 29. e6 fxe6 30. Rxe6 Qd7 31. Re1 1/2-1/2